Tumor markers / (Record no. 16561)
[ view plain ]
| 000 -LEADER | |
|---|---|
| fixed length control field | 00510nam a2200205I1 4500 |
| 020 ## - INTERNATIONAL STANDARD BOOK NUMBER | |
| ISBN | 0121476804 |
| 040 ## - CATALOGING SOURCE | |
| Transcribing agency | CSZ |
| 082 ## - DEWEY DECIMAL CLASSIFICATION NUMBER | |
| Classification number | 616 ACA 1982 A106 Or. |
| 245 00 - TITLE STATEMENT | |
| Title | Tumor markers / |
| 260 0# - PUBLICATION, DISTRIBUTION, ETC. (IMPRINT) | |
| Place of publication | New York : |
| Name of publisher | Academic Press, |
| Year of publication | 1982 |
| 300 ## - PHYSICAL DESCRIPTION | |
| Number of Pages | xxii, 377 p. : |
| Other physical details | ill. ; |
| Dimensions | 24 cm |
| 490 1# - SERIES STATEMENT | |
| Series statement | Methods in cancer research ; |
| 650 #2 - SUBJECT ADDED ENTRY--TOPICAL TERM | |
| Topical Term | Antigens, Neoplasm |
| 650 #2 - SUBJECT ADDED ENTRY--TOPICAL TERM | |
| Topical Term | Neoplasms |
| 650 #2 - SUBJECT ADDED ENTRY--TOPICAL TERM | |
| Topical Term | Neoplasms |
| 700 10 - ADDED ENTRY--PERSONAL NAME | |
| Personal name | Busch, Harris |
| 700 10 - ADDED ENTRY--PERSONAL NAME | |
| Personal name | Yeoman, Lynn C |
| 700 10 - ADDED ENTRY--PERSONAL NAME | |
| Personal name | Byrd, Rebecca |
| 942 ## - ADDED ENTRY ELEMENTS (KOHA) | |
| Koha item type | សៀវភៅភាសាអង់គ្លេស |
| 952 ## - LOCATION AND ITEM INFORMATION (KOHA) | |
| Withdrawn status [LOCAL, KOHA] | 0 |
| Permanent Location | Date acquired | Koha item type | Lost status | Shelving location | Barcode | Current Location | Full call number |
|---|---|---|---|---|---|---|---|
| Library Block A | 2018-03-06 | សៀវភៅភាសាអង់គ្លេស | A107 | A24836 | Library Block A | 616 ACA 1982 A107 Or. |